00186nam a22000857a 4500082001800000100002100018245002800039260002400067300000900091 a621.381 STE'E aSTEWART, HARRY E aENGINEERING ELECTRONICS aBOSTONbALLYNc1969 a883P